Statistical computing: an introduction to data analysis using S-Plus
Saved in:
| Hovedforfatter: | |
|---|---|
| Format: | Bog |
| Sprog: | engelsk |
| Udgivet: |
Chichester
John Wiley
2002
|
| Fag: | |
| Tags: |
Tilføj Tag
Ingen Tags, Vær først til at tagge denne postø!
|
MARC
| LEADER | 00000nam a2200000 a 4500 | ||
|---|---|---|---|
| 001 | UCL5243 | ||
| 003 | CL-VaPUC | ||
| 008 | 040305e20020000UK |||||||||||||||||eng|d | ||
| 020 | |a 0471560405 | ||
| 082 | 0 | 4 | |a 519.5 |b CRA |2 21 |
| 100 | 0 | |a Crawley, Michael J |e author |9 482976 | |
| 245 | 1 | 0 | |a Statistical computing: an introduction to data analysis using S-Plus |
| 300 | |a 761 p | ||
| 942 | |c BK | ||
| 945 | |d 20040305 00:00:00 |a cmena | ||
| 260 | |a Chichester |b John Wiley |c 2002 | ||
| 600 | 0 | 7 | |a S-PLUS |2 CL-VaPUC |9 482977 |
| 650 | 0 | |a Análisis estadístico |9 269506 | |
| 650 | 0 | |a Estadística matemática |9 260028 | |
| 650 | 0 | |a Modelos matemáticos |9 259437 | |
| 650 | 0 | |a Software |9 387312 | |
| 583 | |a last modification |c 20040305 00:00:00 |k Rodrigo Vera | ||
| 999 | |c 307888 |d 307886 | ||
| 952 | |0 0 |1 0 |4 0 |6 519_500000000000000_CRA_2002 |7 0 |8 A |9 374043 |a BIBGIM |b BIBGIM |d 2019-11-21 |i 3987604 |o 519.5 CRA 2002 |p 3987604 |r 2025-01-15 |w 2019-11-21 |y BK |k EST | ||
| 952 | |0 0 |1 0 |4 0 |6 519_500000000000000_CRA_2002 |7 0 |8 A |9 374044 |a BIBGIM |b BIBGIM |d 2019-11-21 |i 3987612 |o 519.5 CRA 2002 |p 3987612 |r 2025-01-15 |w 2019-11-21 |y BK |k EST | ||
| 952 | |0 0 |1 0 |4 0 |6 519_500000000000000_CRA_2002 |7 0 |8 A |9 374045 |a BIBGIM |b BIBGIM |d 2019-11-21 |i 3987620 |o 519.5 CRA 2002 |p 3987620 |r 2025-01-15 |w 2019-11-21 |y BK |k EST | ||
| 952 | |0 0 |1 0 |4 0 |6 519_500000000000000_CRA_2002 |7 0 |8 A |9 374046 |a BIBGIM |b BIBGIM |d 2019-11-21 |i 3987639 |o 519.5 CRA 2002 |p 3987639 |r 2025-01-15 |w 2019-11-21 |y BK |k EST | ||